| 000 | 00831nam a2200229Ii 4500 | ||
|---|---|---|---|
| 003 | JO-AjNU | ||
| 008 | 230605s9999||||xx |||||||||||||| ||und|| | ||
| 017 | _a2014/1/594 | ||
| 020 | _a978-9957-94-096-6 | ||
| 040 |
_aJO-AjNU _bara _erda _cJO-AjNU |
||
| 041 | _aara | ||
| 050 | 1 | 4 | _aJQ1833.2014 |
| 100 | 3 |
_aاعداد الداوود ، جورج فريد طريف, _eauthor _947612 |
|
| 245 | 0 | 0 | _aالحياة البرلمانية في الاردن 1921 - 2013 م |
| 250 | _a(د،ط) | ||
| 264 | 3 | 1 | _aعمان : وزارة الثقافة ، 2014 |
| 300 | _a632ص | ||
| 336 |
_atext _btxt _2rdacontent |
||
| 337 |
_aunmediated _bn _2rdamedia |
||
| 338 |
_avolume _bnc _2rdacarrier |
||
| 650 | 4 |
_aالهيئات التشريعية -- الأردن -- الأردن -- سياسة وحكومة -- الأردن -- تاريخ _947613 |
|
| 999 |
_aA20796 _c24364 _d24364 |
||